Design of equilibrium stage processes (Record no. 13251)

000 -LEADER
fixed length control field 00589nam a22002171 4500
001 - CONTROL NUMBER
control field 13251
003 - CONTROL NUMBER IDENTIFIER
control field BD-DhUET
008 - FIXED-LENGTH DATA ELEMENTS--GENERAL INFORMATION
fixed length control field 740517s1963 nyua b 000 0 eng
020 ## - INTERNATIONAL STANDARD BOOK NUMBER
International Standard Book Number 070586373
040 ## - CATALOGING SOURCE
Original cataloging agency DLC
Transcribing agency OAkU
Modifying agency BD-DhUET
082 ## - DEWEY DECIMAL CLASSIFICATION NUMBER
Classification number 660.28422
Item number SMI/1963
100 1# - MAIN ENTRY--PERSONAL NAME
Personal name Smith, Buford D.
245 10 - TITLE STATEMENT
Title Design of equilibrium stage processes
250 ## - EDITION STATEMENT
Edition statement 1st ed.
260 ## - PUBLICATION, DISTRIBUTION, ETC. (IMPRINT)
Place of publication, distribution, etc. New York
Name of publisher, distributor, etc. McGraw-Hill
Date of publication, distribution, etc. 1963
300 ## - PHYSICAL DESCRIPTION
Extent 647 p.
Other physical details ill.
Dimensions 24 cm.
490 ## - SERIES STATEMENT
Series statement McGraw-Hill chemical engineering series
504 ## - BIBLIOGRAPHY, ETC. NOTE
Bibliography, etc Includes bibliographies
650 #0 - SUBJECT ADDED ENTRY--TOPICAL TERM
Topical term or geographic name as entry element Chemical equilibrium
942 ## - ADDED ENTRY ELEMENTS (KOHA)
Koha item type General Book
Holdings
Shelving location Copy number Lost status Sublocation or collection (holding branch) Koha normalized classification for sorting Price effective from Koha full call number Koha date last seen Source of classification or shelving scheme Koha item type Damaged status Location (home branch) Withdrawn status Piece designation (barcode) Not for loan Date acquired
Circulation section1 Central Library, BUET660_284220000000000_SMI_19632015-03-02660.28422/SMI/19632015-03-02 General Book Central Library, BUET 34954 2015-03-02
Circulation section2 Central Library, BUET660_284220000000000_SMI_19632015-03-03660.28422/SMI/19632015-03-03 General Book Central Library, BUET 29845 2015-03-03
Circulation section3 Central Library, BUET660_284220000000000_SMI_19632015-03-03660.28422/SMI/19632015-03-03 General Book Central Library, BUET 29841 2015-03-03
Circulation section4 Central Library, BUET660_284220000000000_SMI_19632015-03-03660.28422/SMI/19632015-03-03 General Book Central Library, BUET 29847 2015-03-03
Circulation section5 Central Library, BUET660_284220000000000_SMI_19632015-03-03660.28422/SMI/19632015-03-03 General Book Central Library, BUET 29853 2015-03-03
Circulation section6 Central Library, BUET660_284220000000000_SMI_19632015-03-03660.28422/SMI/19632015-03-03 General Book Central Library, BUET 29843 2015-03-03
Circulation section7 Central Library, BUET660_284220000000000_SMI_19632015-03-03660.28422/SMI/19632015-03-03 General Book Central Library, BUET 29844 2015-03-03
Circulation section8 Central Library, BUET660_284220000000000_SMI_19632015-03-03660.28422/SMI/19632015-03-03 General Book Central Library, BUET 29840 2015-03-03
Circulation section9 Central Library, BUET660_284220000000000_SMI_19632015-03-03660.28422/SMI/19632015-03-03 General Book Central Library, BUET 34955 2015-03-03
Circulation section10 Central Library, BUET660_284220000000000_SMI_19632015-05-11660.28422/SMI/19632015-05-11 General Book Central Library, BUET 11477 2015-05-11
Circulation section11 Central Library, BUET660_284220000000000_SMI_19632015-05-11660.28422/SMI/19632015-05-11 General Book Central Library, BUET 29846 2015-05-11
Circulation section12 Central Library, BUET660_284220000000000_SMI_19632015-05-11660.28422/SMI/19632015-05-11 General Book Central Library, BUET 34953 2015-05-11
Circulation section13 Central Library, BUET660_284220000000000_SMI_19632015-05-11660.28422/SMI/19632015-05-11 General Book Central Library, BUET 18836 2015-05-11
Circulation section14 Central Library, BUET660_284220000000000_SMI_19632015-05-11660.28422/SMI/19632015-05-11 General Book Central Library, BUET 29854 2015-05-11
Circulation section15 Central Library, BUET660_284220000000000_SMI_19632015-05-11660.28422/SMI/19632015-05-11 General Book Central Library, BUET 29856 2015-05-11
Circulation section16 Central Library, BUET660_284220000000000_SMI_19632015-05-19660.28422/SMI/19632015-05-19 General Book Central Library, BUET 29848 2015-05-19
Reading section17 Central Library, BUET660_284220000000000_SMI_19632015-06-18660.28422/SMI/19632015-06-18 Reading Item Central Library, BUET 6449 2015-06-18